Constitución 1980
Gespeichert in:
| Format: | Buch |
|---|---|
| Sprache: | Spanisch |
| Veröffentlicht: |
Santiago
Jurídica de Chile
1990
|
| Ausgabe: | 2a. ed |
| Schlagworte: | |
| Tags: |
Tag hinzufügen
Keine Tags, Fügen Sie den ersten Tag hinzu!
|
MARC
| LEADER | 00000nam a2200000 a 4500 | ||
|---|---|---|---|
| 001 | UCX1135 | ||
| 003 | CL-VaPUC | ||
| 008 | 900611e19900000CL |||||||||||||||||spa|d | ||
| 082 | 0 | 4 | |a 342.83 |b CON |2 21 |
| 245 | 1 | 0 | |a Constitución 1980 |
| 250 | |a 2a. ed | ||
| 300 | |a 94 p | ||
| 942 | |c BK | ||
| 945 | |d 19900611 00:00:00 | ||
| 260 | |a Santiago |b Jurídica de Chile |c 1990 | ||
| 600 | 0 | 7 | |a CONSTITUCION POLITICA DE 1980 |2 CL-VaPUC |9 255131 |
| 650 | 0 | |a Derecho constitucional |9 222588 | |
| 651 | 7 | |a CHILE |2 CL-VaPUC |9 316551 | |
| 583 | |a last modification |c 19900611 00:00:00 |k Rodrigo Vera | ||
| 999 | |c 222448 |d 222446 | ||
| 952 | |0 0 |1 0 |4 0 |6 342_830000000000000_CON_1990 |7 0 |8 A |9 217190 |a BIBHIS |b BIBHIS |d 2019-11-15 |i 2861429 |o 342.83 CON 1990 |p 2861429 |r 2025-01-20 |w 2019-11-15 |y BK |k HIS | ||
| 952 | |0 0 |1 0 |4 0 |6 342_830000000000000_CON_1990 |7 0 |8 A |9 217191 |a BIBHIS |b BIBHIS |d 2019-11-15 |i 2861437 |o 342.83 CON 1990 |p 2861437 |r 2025-01-20 |w 2019-11-15 |y BK |k HIS | ||
| 952 | |0 0 |1 0 |4 0 |6 342_830000000000000_CON_1990 |7 0 |8 A |9 217192 |a BIBHIS |b BIBHIS |d 2019-11-15 |i 2861445 |o 342.83 CON 1990 |p 2861445 |r 2025-01-20 |w 2019-11-15 |y BK |k HIS | ||
| 952 | |0 0 |1 0 |4 0 |6 342_830000000000000_CON_1990 |7 0 |8 A |9 217193 |a BIBHIS |b BIBHIS |d 2019-11-15 |i 2861453 |o 342.83 CON 1990 |p 2861453 |r 2025-01-20 |w 2019-11-15 |y BK |k HIS | ||